[Event "EU-ch 11th"]
[Site "Rijeka"]
[Date "2010.03.12"]
[Round "7"]
[White "Sokolov, Ivan"]
[Black "Caruana, Fabiano"]
[Result "1-0"]
[WhiteElo "2638"]
[BlackElo "2680"]
[Annotator "Krasenkow,M"]
[PlyCount "131"]
[EventDate "2010.03.06"]
[EventType "swiss"]
[EventRounds "11"]
[EventCountry "CRO"]
[SourceTitle "CBM 136"]
[Source "ChessBase"]
[SourceDate "2010.05.18"]
[SourceVersion "1"]
[SourceVersionDate "2010.05.18"]
[SourceQuality "1"]

1. d4 d5 2. c4 c6 3. Nc3 Nf6 4. Nf3 e6 5. g3 Nbd7 6. Bg2 dxc4 7. a4 Bb4 8. O-O
O-O 9. Qc2 Qe7 {[%cal Re6e5]} 10. Bf4 a5 {A solid but rare move.} (10... Nd5 {
is the main theoretical line in this position}) (10... Bd6 {has been seen in
practice, too.}) 11. e4 (11. Rad1 Nd5 12. Bc1 Bd6 13. Ne4 b5 14. Nfg5 f5 15.
Nxd6 Qxd6 16. e4 Nb4 17. Qe2 h6 18. Nh3 fxe4 19. Qxe4 Ra7 20. Nf4 Nf6 21. Qe2
Re8 $13 {1-0 Gelfand,B (2700)-Lobron,E (2545)/Munich 1991/CBM 023 (42)}) (11.
Na2 $5) 11... b6 12. Rfe1 (12. e5 $5 Nd5 13. Ng5 g6 14. Bd2 $44 {Tregubov}) (
12. Na2 $5) 12... h6 13. d5 $6 {This breakthrough probably doesn't succeed if
Black reacts correctly.} (13. Rad1 Bb7 14. Nd2 e5 15. dxe5 Ng4 16. e6 Nde5 17.
h3 Nxf2 $5 18. Kxf2 Bc5+ 19. Ke2 fxe6 $44 {1/2 Peto,P-Hmelevsky,I/LSS 2007/
Telechess CBM 125 (35)}) 13... cxd5 $146 (13... e5 $1 {is the only move here,
according to GM Pavel Tregubov. In a game he played many years ago Black
achieved an excellent position:} 14. dxc6 exf4 15. cxd7 Bb7 $1 16. gxf4 Nxd7 (
16... Qxd7 $13 {A.Poluljahov}) 17. Nd4 Nc5 (17... Qh4 $1 $17 18. Qd2 $140 $2
Nc5 $1 19. Nf5 Rad8 20. Qe3 Qf6 $19 {[%cal Rd8d3,Rc5d3]}) 18. Re3 Nd3 19. Rg3
Qc7 $1 $15 {1-0 Tregubov,P (2495)-Sakaev,K (2555)/Alushta 1994/CBM 042 (37)}) {
The text move, however, is good enough to give Black decent play, too.} 14.
exd5 Bxc3 (14... Bb7 $5 15. Nd2 $5 $13 (15. dxe6 fxe6 16. Nh4 Bxg2 17. Ng6 Qf7
18. Nxf8 Bh3 $44)) 15. d6 Qd8 16. Qxc3 {A typical problem: is White's passed
pawn strong or weak? That depends on the position of the pieces. Here Black
has strong points in the centre (c5, d5) so his chances are quite high.} Bb7
17. Qxc4 Rc8 18. Qe2 $6 {Ater this inaccuracy Black seizes the initiative.} (
18. Qd4 Rc5 $1 {[%cal Yd8a8,Yf8c8,Yf6d5]}) (18. Qb3 $5) 18... Nd5 19. Rad1 Nxf4
20. gxf4 Nf6 $17 {[%csl Rd6,Rf4]} 21. f5 $5 {[%mdl 512] An attempt to
complicate matters.} (21. Ne5 Bxg2 22. Kxg2 Nd5 23. Rxd5 exd5 24. d7 Rc7 25.
Qb5 Rc5 26. Qb3 Qc7 $17) 21... Re8 $2 (21... exf5 22. Ne5 Bxg2 23. Kxg2 Rc5 $1
24. d7 Ne4 $17) 22. Ne5 $1 Bxg2 23. Nxf7 $2 (23. d7 Bd5 24. dxc8=Q Qxc8 25. Qb5
$1 {, and it is now Black who must prove his compensation for the missing
material.}) 23... Kxf7 $2 (23... exf5 $3 {was the refutation of White's
combination:} 24. Nxd8 (24. Qxe8+ Qxe8 25. Rxe8+ Rxe8 26. d7 Nxd7 27. Kxg2 Nc5
$19) 24... Rxe2 25. Rxe2 Bf3 26. Ne6 Bxe2 27. d7 Rd8 $3 28. Rd2 Rxd7 29. Rxe2
Kf7 $19) 24. fxe6+ Kg8 25. Kxg2 $14 {[%csl Gd6,Ge6] Two pawns are more than
one! The onus is now on Black to defend.} Rc5 $2 (25... Rc6 $1 26. Qd3 Kh8 {
[%cal Gc6d6,Gd6e6,Ge8e6] , and White can hardly make any progress.}) 26. Qf3 $1
Kh8 27. d7 Re7 28. Rd6 {[%csl Gd6][%cal Gd6b6] An important achievement for
White.} Nxd7 $6 {A desperate attempt to create counter-chances. Passive
defence was no longer enough:} (28... Kg8 29. Qb7 $16 {[%csl Rb6]}) (28... b5
29. axb5 Rxb5 30. Qc6 Rb8 31. Rc1 {[%cal Yd6d1,Yc6c8]}) 29. Red1 Rg5+ 30. Kf1
Qf8 $5 31. exd7 Qxf3 32. d8=Q+ Kh7 33. Qxe7 Rf5 34. Qh4 Re5 {White must give
his extra rook back but finally he keeps a sufficient material advantage to
win.} 35. Rxh6+ $1 gxh6 36. Rd7+ Kg6 37. Rd6+ Kf7 38. Qc4+ Ke8 39. Re6+ Rxe6
40. Qxe6+ {[%mdl 4096]} Kd8 41. Qxb6+ {Step by step White now consolidates his
position and scores a point.} Kc8 42. Qc5+ Kb7 43. Qb5+ Kc8 44. Qc4+ Kb7 45. h4
h5 46. Qd4 Kb8 47. Kg1 Kb7 48. Kh2 Ka8 49. Qh8+ Kb7 50. Qg7+ Kb6 51. Qh6+ Kb7
52. Qe3 Qg4 53. Qe7+ Kb6 54. Qf6+ Kb7 55. b3 Qd1 56. Qf7+ Kc6 57. Qc4+ Kd7 58.
Kg2 Kd8 59. Qg8+ Ke7 60. Qg5+ Kf7 61. Qf5+ Kg8 62. Qf3 Qc2 63. Qxh5 Qxb3 64.
Qxa5 Qb7+ 65. f3 Qb2+ 66. Kh3 1-0

[Event "Villafranca 4th"]
[Site "Villafranca"]
[Date "2010.06.13"]
[Round "2"]
[White "Caruana, Fabiano"]
[Black "Cheparinov, Ivan"]
[Result "1/2-1/2"]
[WhiteElo "2675"]
[BlackElo "2640"]
[PlyCount "70"]
[EventDate "2010.06.12"]
[EventType "tourn"]
[EventRounds "7"]
[EventCountry "ESP"]
[EventCategory "14"]
[SourceTitle "CBM 137"]
[Source "ChessBase"]
[SourceDate "2010.07.15"]
[SourceVersion "1"]
[SourceVersionDate "2010.07.15"]
[SourceQuality "1"]

1. d4 Nf6 2. c4 e6 3. g3 d5 4. Nf3 dxc4 5. Bg2 a6 6. O-O Nc6 7. Nc3 Rb8 8. e4
Be7 9. Qe2 b5 10. Rd1 O-O 11. d5 exd5 12. e5 d4 13. exf6 Bxf6 14. Qe4 Bb7 15.
Nd5 Nb4 16. Nxf6+ Qxf6 17. Qf4 c5 18. Qxf6 gxf6 19. Bf4 Rbc8 20. Bd6 Rfd8 21.
Be7 Re8 22. Bxf6 Nd3 23. Rd2 Rc6 24. Bxd4 cxd4 25. Nxd4 Rb6 26. Bf1 Be4 27. f3
Bg6 28. Bxd3 Bxd3 29. Kf2 Rd6 30. Ne2 Rxe2+ 31. Rxe2 Bxe2 32. Kxe2 Re6+ 33. Kf2
Rd6 34. Ke2 Re6+ 35. Kf2 Rd6 1/2-1/2

[Event "Villafranca 4th"]
[Site "Villafranca"]
[Date "2010.06.15"]
[Round "4"]
[White "Cramling, Pia"]
[Black "Caruana, Fabiano"]
[Result "1/2-1/2"]
[WhiteElo "2536"]
[BlackElo "2675"]
[PlyCount "91"]
[EventDate "2010.06.12"]
[EventType "tourn"]
[EventRounds "7"]
[EventCountry "ESP"]
[EventCategory "14"]
[SourceTitle "CBM 137"]
[Source "ChessBase"]
[SourceDate "2010.07.15"]
[SourceVersion "1"]
[SourceVersionDate "2010.07.15"]
[SourceQuality "1"]

1. d4 Nf6 2. Nf3 g6 3. c4 Bg7 4. Nc3 d5 5. cxd5 Nxd5 6. e4 Nxc3 7. bxc3 c5 8.
Be3 O-O 9. Be2 cxd4 10. cxd4 Qa5+ 11. Bd2 Qa3 12. O-O Bg4 13. Rb1 Qxa2 14. d5
Nd7 15. Rxb7 Rfc8 16. Be3 Nc5 17. Rxe7 Bf6 18. Bxc5 Rxc5 19. Rb7 a5 20. h3 Bxf3
21. Bxf3 a4 22. Bg4 Qc2 23. d6 a3 24. Qxc2 Rxc2 25. Bd1 Rc3 26. Bb3 Rxb3 27.
Rxb3 a2 28. f4 a1=Q 29. Rxa1 Rxa1+ 30. Kf2 Ra8 31. e5 Bd8 32. Kf3 Kf8 33. g4
Ra5 34. Rb4 g5 35. Ke4 gxf4 36. Kxf4 Ra3 37. Rb8 Ke8 38. h4 Kd7 39. g5 Rh3 40.
Kg4 Re3 41. Kf5 Re1 42. Rb7+ Ke8 43. Ra7 Rd1 44. Rb7 Rd4 45. h5 Rd1 46. Ke4
1/2-1/2

[Event "Villafranca 4th"]
[Site "Villafranca"]
[Date "2010.06.17"]
[Round "6"]
[White "Sargissian, Gabriel"]
[Black "Caruana, Fabiano"]
[Result "1/2-1/2"]
[WhiteElo "2677"]
[BlackElo "2675"]
[PlyCount "108"]
[EventDate "2010.06.12"]
[EventType "tourn"]
[EventRounds "7"]
[EventCountry "ESP"]
[EventCategory "14"]
[SourceTitle "CBM 137"]
[Source "ChessBase"]
[SourceDate "2010.07.15"]
[SourceVersion "1"]
[SourceVersionDate "2010.07.15"]
[SourceQuality "1"]

1. d4 d5 2. c4 c6 3. Nf3 Nf6 4. Nc3 dxc4 5. a4 Bf5 6. Nh4 e6 7. Nxf5 exf5 8. e3
Bb4 9. Bxc4 O-O 10. Qc2 g6 11. O-O Qe7 12. f3 c5 13. Na2 Ba5 14. dxc5 Nc6 15.
Kh1 Nh5 16. Bd2 Qh4 17. Be1 Bxe1 18. Rfxe1 Rfe8 19. Kg1 Rad8 20. Rac1 a5 21.
Qf2 Qe7 22. Bb5 Rd5 23. b4 Red8 24. bxa5 Nxa5 25. Rc2 Nb3 26. Nb4 Rd2 27. Rxd2
Rxd2 28. Re2 Rxe2 29. Qxe2 Nxc5 30. Qd2 Nf6 31. Qc3 h5 32. Qd4 h4 33. Nd3 Nxd3
34. Bxd3 Kg7 35. Kf2 Kg8 36. Bb5 Kg7 37. Ke2 h3 38. g3 Qa3 39. Kf2 Qa2+ 40. Be2
Qc2 41. a5 Qc7 42. Qd2 Nh7 43. Qb2+ Nf6 44. a6 bxa6 45. Bxa6 g5 46. Bd3 f4 47.
Qb5 fxe3+ 48. Ke2 Kh6 49. Qf5 Qc3 50. Kxe3 Qe1+ 51. Kd4 Qb4+ 52. Ke3 Qe1+ 53.
Kd4 Qb4+ 54. Ke3 Qe1+ 1/2-1/2

[Event "Biel GM 43rd"]
[Site "Biel"]
[Date "2010.07.21"]
[Round "3"]
[White "Negi, Parimarjan"]
[Black "Caruana, Fabiano"]
[Result "0-1"]
[WhiteElo "2615"]
[BlackElo "2697"]
[Annotator "Knaak,R"]
[PlyCount "56"]
[EventDate "2010.07.19"]
[EventType "tourn"]
[EventRounds "9"]
[EventCountry "SUI"]
[EventCategory "17"]
[SourceTitle "CBM 138"]
[Source "ChessBase"]
[SourceDate "2010.09.17"]
[SourceVersion "1"]
[SourceVersionDate "2010.09.17"]
[SourceQuality "1"]

1. e4 c5 2. Nc3 Nc6 3. Nge2 Nf6 4. g3 g6 5. Bg2 Bg7 6. d3 d6 7. O-O Rb8 8. h3
b5 9. a3 O-O 10. Rb1 Bd7 11. Bg5 {Bis hier ist nicht viel passiert, aber man
hat bereits das Gefühl, dass die Aufstellung mit Ne2 im Geschlossenen
Sizilianer recht unflexibel ist.} a5 $1 12. a4 bxa4 $1 {Nicht sehr naheliegend,
denn Weiß hat eine intakte Bauernstruktur und keine Schwächen. Doch Caruana
hat erkannt, dass der Raumvorteil und die halboffene b-Linie in Verbindung mit
dem starken Bg7 gute Spielmöglichkeiten offerieren.} 13. Nxa4 Ne5 14. Nec3 Bc6
15. b3 Re8 16. Qd2 {Weiß ist offenbar planlos. Vielleicht wäre 16.Bd2 - der
Läufer leistet auf g5 nichts - nebst Ra1, Ra2 eine Möglichkeit, dann könnte
auch endlich der Nc3 auf bessere Felder gebracht werden.} Qc7 17. Nd5 $2 {
Vielleicht hatte Negi ...e6 befürchtet, wonach irgendwann auch ...d5
durchgedrückt wird. Oder aber in Ermangelung von guten Zügen erfolgte eben
dieser Fehler.} Nxd5 18. exd5 Bxa4 19. bxa4 {Man muss nur mal sehen, wie
schwach die übrig gebliebenen weißen Leichtfiguren sind.} Rb4 $1 {Das ist so
einfach wie forciert.} 20. Ra1 $6 {Wie die Zeiten sich geändert haben -
Computer würden nicht so passiv spielen und den Bauern lieber opfern. Aber
kaum eine der Varianten kann wirklich befriedigen.} ({Auf} 20. Rxb4 {besitzt
Schwarz sogar zwei Möglichkeiten, mit} axb4 {wird der Bauern a5 ganz schwach,
nach 20...cxb4 kann der Bauer c2 belagert werden.}) 20... Reb8 {Schwarz hat
nun alle Trümpfe in der Hand.} 21. Rfe1 c4 $1 22. Ra3 cxd3 23. cxd3 Rb2 24. Qe3
Rc2 $1 {Damit wird die Verdoppelung der Türme auf der 2. Reihe vorbereitet.}
25. Raa1 h6 26. Bxh6 (26. Bf4 $142) 26... Bxh6 27. Qxh6 Rbb2 28. Rab1 {Das
erlaubt ein nettes Finale.} ({Oder} 28. Qe3 Rxf2 29. Qxf2 Rxf2 30. Kxf2 Nxd3+
31. Kg1 Nxe1 32. Rxe1 Qc3 {und Schwarz gewinnt leicht.}) 28... Qb6 $1 {
Doppelangriff auf b1 und f2, Weiß gibt daher auf.} 0-1

[Event "Biel GM playoff 43rd"]
[Site "Biel"]
[Date "2010.07.29"]
[Round "1.1"]
[White "Caruana, Fabiano"]
[Black "Vachier Lagrave, Maxime"]
[Result "1-0"]
[WhiteElo "2697"]
[BlackElo "2723"]
[PlyCount "64"]
[EventDate "2010.07.29"]
[EventType "k.o. (rapid)"]
[EventRounds "3"]
[EventCountry "SUI"]
[SourceTitle "CBM 138"]
[Source "ChessBase"]
[SourceDate "2010.09.17"]
[SourceVersion "1"]
[SourceVersionDate "2010.09.17"]
[SourceQuality "1"]

1. d4 Nf6 2. c4 g6 3. Nc3 Bg7 4. e4 d6 5. f3 O-O 6. Be3 c5 7. Nge2 Nc6 8. d5
Ne5 9. Ng3 e6 10. Be2 exd5 11. cxd5 a6 12. a4 h5 13. O-O Nh7 14. Qd2 h4 15. Nh1
f5 16. Nf2 Bd7 17. Kh1 Qe7 18. exf5 gxf5 19. Nh3 Rae8 20. Rae1 Qf6 21. Nf4 Qf7
22. b3 Kh8 23. Nd1 Rg8 24. Nf2 Bh6 25. N2d3 Qg7 26. Rg1 Nf6 27. Nxe5 Rxe5 28.
Ng6+ Qxg6 29. Bxh6 Rxd5 30. Qc1 Nh5 31. h3 Re5 32. Bf4 Ng3+ 1-0

[Event "Biel GM playoff 43rd"]
[Site "Biel"]
[Date "2010.07.29"]
[Round "1.2"]
[White "Vachier Lagrave, Maxime"]
[Black "Caruana, Fabiano"]
[Result "1-0"]
[WhiteElo "2723"]
[BlackElo "2697"]
[PlyCount "79"]
[EventDate "2010.07.29"]
[EventType "k.o. (rapid)"]
[EventRounds "3"]
[EventCountry "SUI"]
[SourceTitle "CBM 138"]
[Source "ChessBase"]
[SourceDate "2010.09.17"]
[SourceVersion "1"]
[SourceVersionDate "2010.09.17"]
[SourceQuality "1"]

1. d4 d5 2. Bf4 c6 3. e3 Bf5 4. Nf3 e6 5. c4 Bd6 6. Bg3 Nf6 7. Be2 O-O 8. Nc3
Ne4 9. Qb3 Nxg3 10. hxg3 b6 11. Nh4 Be4 12. O-O-O h6 13. f4 Nd7 14. g4 Bh7 15.
Nf3 f6 16. f5 exf5 17. cxd5 c5 18. gxf5 Bxf5 19. Bd3 Bxd3 20. Rxd3 f5 21. Kb1
Qe7 22. Re1 Rac8 23. Qa4 Nf6 24. Nh4 Qd7 25. Qxd7 Nxd7 26. Rf1 cxd4 27. Nb5 Bb8
28. Nxd4 Nc5 29. Rdd1 f4 30. Ng6 Rfe8 31. exf4 Re4 32. f5 Bd6 33. Rfe1 Rg4 34.
Nb5 Bf8 35. d6 Rd8 36. Nxa7 Rxd6 37. Rxd6 Bxd6 38. Nc8 Ne4 39. Rd1 Bc5 40. Rd8+
1-0

[Event "Biel GM playoff 43rd"]
[Site "Biel"]
[Date "2010.07.29"]
[Round "1.3"]
[White "Vachier Lagrave, Maxime"]
[Black "Caruana, Fabiano"]
[Result "0-1"]
[WhiteElo "2723"]
[BlackElo "2697"]
[PlyCount "102"]
[EventDate "2010.07.29"]
[EventType "k.o. (rapid)"]
[EventRounds "3"]
[EventCountry "SUI"]
[SourceTitle "CBM 138"]
[Source "ChessBase"]
[SourceDate "2010.09.17"]
[SourceVersion "1"]
[SourceVersionDate "2010.09.17"]
[SourceQuality "1"]

1. d4 Nf6 2. Nf3 e6 3. Bf4 b6 4. e3 Bb7 5. Bd3 c5 6. c3 Nc6 7. h3 Be7 8. Nbd2
d5 9. Ne5 O-O 10. O-O Nd7 11. Nxc6 Bxc6 12. a4 a5 13. Qe2 Nf6 14. Nf3 Bb7 15.
Bb5 Qc8 16. Rac1 c4 17. Nd2 Bc6 18. e4 Bxb5 19. axb5 Nxe4 20. Nxe4 dxe4 21.
Rfe1 Rd8 22. Ra1 Rd5 23. Ra4 Rxb5 24. Rxc4 Qd8 25. Rc7 Rf5 26. Qxe4 Rc8 27.
Rxe7 Rxf4 28. Qb7 Rb8 29. Rd7 Qe8 30. Qc7 Rc8 31. Qd6 Rf5 32. Rb7 b5 33. g4 Rf6
34. Re5 b4 35. Rxa5 bxc3 36. bxc3 h6 37. Rc5 Ra8 38. Rb2 Qa4 39. Qc6 Qd1+ 40.
Kh2 Ra1 41. Qg2 Qc1 42. Re2 Qf4+ 43. Qg3 Qc1 44. Rc8+ Kh7 45. Qd3+ g6 46. Kg3
Kg7 47. Qe3 Qg1+ 48. Kh4 g5+ 49. Kh5 Qb1 50. Qe4 Qxe4 51. Rxe4 Rf3 0-1

[Event "Amsterdam NH Hotels 5th"]
[Site "Amsterdam"]
[Date "2010.08.12"]
[Round "1"]
[White "Caruana, Fabiano"]
[Black "Van Wely, Loek"]
[Result "1/2-1/2"]
[WhiteElo "2697"]
[BlackElo "2677"]
[Annotator "Caruana,F"]
[PlyCount "63"]
[EventDate "2010.08.12"]
[EventType "schev"]
[EventRounds "10"]
[EventCountry "NED"]
[SourceTitle "CBM 138"]
[Source "ChessBase"]
[SourceDate "2010.09.17"]
[SourceVersion "1"]
[SourceVersionDate "2010.09.17"]
[SourceQuality "1"]

1. e4 c5 2. Nf3 d6 3. d4 cxd4 4. Nxd4 Nf6 5. Nc3 a6 6. Be2 e6 7. O-O Be7 8. f4
O-O 9. Be3 Nc6 10. Kh1 Bd7 11. a4 Rc8 {I hadn't expected this, but I
remembered some old analysis I had done.} (11... Qc7 {is one of the main lines
of the Scheveningen.}) 12. Nb3 Na5 13. Nd2 {I prefer this to 13.e5, which is
more popular and also critical. Now Black's knight looks a little bit strange
on a5.} Bc6 $6 {This move looks really weird to me. The knight on a5 is now
completely trapped, and often in danger of being lost. However, it is quite a
concrete move, since Black is just trying to play d5, and is willing to live
with the knight on a5 for a few moves.} ({I was expecting} 13... Be8 {, and
Black plans ...Nd7 and ...Bf6 next.}) 14. Bd3 $146 {I hadn't prepared for 13...
Bc6, but I nevertheless found a good novelty!} (14. Bd4 Be8 $5 {is a clever
trick. Now Black gets ...Nc6 with tempo.} 15. Bd3 Nc6 16. Bg1 Nb4 17. Qe2 Nd7
18. Rf3 Nc5 19. Rh3 g6 20. Nf3 Bf6 21. e5 Ncxd3 22. cxd3 {1/2-1/2 Tiviakov,S 
(2686)-Babula,V (2608)/Hungary 2009/EXT 2010}) (14. Qe1 d5 15. Rd1 {is also
interesting.}) ({I thought} 14. b4 $6 {was a very bad move during the game,
but in fact it is not so bad (although I still wouldn't try it).} d5 (14... Be8
15. Na2 Nc6 16. b5 $13) 15. bxa5 d4 16. e5 dxe3 (16... Ne8 17. Bf2 dxc3 18. Nc4
Qxd1 (18... Nc7 19. Bd3 Nd5 20. Qg4 {is unclear, since White has a nice grip
on b6 and has developed some kingside play.}) 19. Rfxd1 Nc7 20. Bf3 $1 Bxf3 21.
gxf3 Nd5 22. Nb6 Nxb6 23. Bxb6 {, with a very double-edged endgame, but White
will have his fair share of chances after Rd7.}) 17. exf6 Bxf6 18. Ndb1 Qxa5
19. Ra3 {I'm not sure how to evaluate this position. Black has strong
compensation for the piece, but there is no clear way to continue and White
may slowly unravel.}) 14... d5 {Otherwise there is no point behind White's
play.} 15. e5 d4 $6 {This move was based on a miscalculation. Black probably
should have played 15...Nd7, but that is obviously an admission of defeat.} (
15... Nd7 16. Qh5 g6 17. Qh6 Re8 18. Nf3 Bf8 (18... Nc4 19. Bxc4 dxc4 20. Ng5
Bxg5 21. fxg5 Qe7 22. Rf4 Qf8 23. Qh3 {, and faced with the dual threats of
Raf1 and Rh4, Black will soon collapse.}) 19. Qh3 {, with a very strong
initiative.}) 16. Bxd4 (16. exf6 Bxf6 17. Nde4 Be7 18. Bd2 dxc3 19. Bxc3 {
is also dangerous for Black, again because of the knight on a5, but what I did
was much more convincing.}) 16... Qxd4 17. exf6 Bb4 {Loek was forced to play
this, but he was clearly not happy about it.} (17... Bxf6 $4 18. Qh5 {just
wins a piece.}) 18. fxg7 $6 {A big mistake losing a large part of the
advantage.} (18. Nde4 $1 {would have been almost crushing.} gxf6 {This is
Black's best chance, but White's attack is too strong.} (18... g6 19. Qg4 Nc4 (
19... Bxc3 20. bxc3 Qd8 21. Qh4 Bxe4 22. Bxe4 $18 {, and Rad1 next wins.}) (
19... Rfd8 20. Qh4 Bxe4 21. Nxe4 h5 22. g4 $1 {This is not the only way, but
it is the most convincing.} hxg4 (22... Rd5 23. f5 exf5 24. gxf5 $18) 23. c3 ({
Not} 23. Ng5 $2 Qxf6) 23... Qxd3 24. Ng5 Qd5+ 25. Rf3 Qxf3+ 26. Nxf3 gxf3 27.
cxb4 $18) 20. Qh4 Ne3 {This was the defence we tried to make work during the
post mortem, but then we found} 21. f5 $1 {, which blocks off ...Nf5 and
prepares a deadly Qh6.} Nxf5 22. Rxf5 exf5 23. Qh6 $18) 19. Nd5 $3 {A really
brilliant shot! The knight sacrifices itself, clearing the way for c3!} (19.
Qh5 $2 f5 20. Ng5 Qg7 {leads nowhere.}) (19. Qg4+ Kh8 20. Qh4 {is much less
clear:} Rg8 21. Rf3 Rg6 22. Rh3 h6 23. Rg3 Rcg8 24. Rd1 f5 25. Rxg6 Rxg6 26.
Be2 Qg7 27. Rd8+ Bf8 (27... Kh7 28. Ng5+ Rxg5 29. fxg5 Qxg5 30. Qxg5 hxg5 {
Even here Black will suffer from his awful knight} 31. Na2 Be7 32. Rc8 {
, and White threatens both b4 and Rc7.} Bxa4 33. b3 Bb5 34. Bxb5 axb5 35. Rc7
Nc6 36. Rxb7 $18) 28. Qe7 (28. Ng3 Kh7 29. Bh5 Nc4 $1 {I like this move,
finally getting the knight into play - with strong effect.} 30. Bxg6+ fxg6 {
, and Black has taken over the initiative.}) 28... Rxg2 29. Qxf8+ Kh7 30. Qxg7+
Rxg7 31. b4 $1 fxe4 32. b5 axb5 33. axb5 Bd5 34. Nxd5 exd5 35. Rxd5 {, and
Black faces a tough defence in this endgame.}) 19... Bxd5 (19... exd5 20. Nd6
$1 {is another brilliant point behind 19.Nd5. The second knight sacrifice is
really devastating!} ({I'm much less convinced by} 20. Qg4+ Kh8 21. Nd6 {
, because of} f5 $1 22. Qxf5 Qg7 23. Nxc8 Rg8 {, and the position is not very
clear because the knight on c8 has no way back.}) 20... f5 (20... Bxd6 21. Qg4+
({Or} 21. Bxh7+) 21... Kh8 22. Qf5 Qxd3 23. Qxf6+ Kg8 24. cxd3 Rfd8 25. Rf3 $18
) 21. Nxc8 Qf6 (21... Rxc8 22. c3 $18) 22. c3 Bc5 23. b4 $18) 20. c3 Bxc3 21.
bxc3 Rxc3 {Black has to sacrifice the exchange to remain in contact with f6.}
22. Nxc3 Qxc3 23. Rc1 {, but Black will not survive here. For example,} Qb3 24.
Qg4+ Kh8 25. Qh3 f5 26. Qh6 Bxg2+ (26... Qb4 27. Qf6+ Kg8 28. Rc3 Re8 29. Be2
$18) 27. Kg1 ({I'd prefer to avoid the crazy complications arising after} 27.
Kxg2 Rg8+ 28. Kf2 Qb2+) 27... Re8 28. Qf6+ Kg8 29. Kxg2 Qxd3 30. Rg1 Nc4 31.
Rcd1 Nd2 (31... Qe2+ 32. Kh3+ Kf8 33. Qg7+ Ke7 34. Qg5+ Kf8 35. Rd7 Qf3+ 36.
Rg3 Qf1+ 37. Kh4 $18) 32. Kh1+ Kf8 33. Rg2 $18) 18... Qxg7 19. Nf3 $6 {Another
inaccurate move.} (19. Qe2 Bxc3 20. bxc3 Kh8 21. Ne4 Rg8 22. Rae1 Bd5 23. Rf2 {
would have still promised White an advantage.}) 19... Bxc3 20. bxc3 Bd5 $1 $132
{Now, surprisingly, Black has perfectly adequate play.} 21. Qe2 Rxc3 22. Rae1 (
22. f5 $5 {might have been a bit more challenging, although Black doesn't seem
to have any problems, because, despite his weak king, all his pieces are
working very well.}) 22... Nc6 {A very logical, human move, bringing back the
wayward knight.} 23. Qd2 {I was optimistic after I found this move, because it
seemed like I was starting to generate some serious threats - f5 and Ne5. But
Loek defended calmly.} Kh8 24. Re3 (24. Ne5 Ra3 {gives White nothing.}) (24.
Ng5 h6 (24... Nb4 25. Bxh7 {may be promising for White.}) 25. Ne4 Ra3 26. f5
Ne5 27. f6 (27. fxe6 Nxd3 28. cxd3 Ra2) 27... Qg6 28. Re3 Nxd3 {can only be
worse for White.}) (24. f5 Rg8 25. fxe6 fxe6 26. Be4 {should be okay for Black,
but the play continues, and he still has to prove he has full equality.}) 24...
Nb4 {It's important to eliminate the d3-bishop. This leads to a forcing line
which we both calculated to the end.} 25. Ne5 Nxd3 26. cxd3 (26. Rg3 {is met
by the only move} Nf2+ $1 {, and Black is better}) 26... Rfc8 27. Rg3 Rc2 $1
28. Qb4 $1 {This is forced, and leads to a funny perpetual.} (28. Rxg7 $2 Rxd2
{is not good for White.}) (28. Qe3 $2 Rxg2 29. Rxg7 (29. Nxf7+ $2 Kg8 30. Nh6+
Kf8 $19) 29... Re2+) (28. Qe1 $2 Rxg2 29. Rxg7 Re2+ 30. Rg2 Bxg2+ 31. Kg1 Rxe1
32. Rxe1 Bd5 33. Nxf7+ Kg7) 28... Rxg2 29. Nxf7+ Kg8 (29... Qxf7 $4 30. Qd4+ {
mates.}) 30. Nh6+ {Now the king cannot go to f8 - the point behind 28.Qb4.} Kh8
31. Nf7+ Kg8 32. Nh6+ {A very sharp, unusual game. A game like this usually
gives a good vibe, although it's a pity I didn't really create a brilliancy
with 18.Nde4!} 1/2-1/2